000 00817nam a2200229 4500
003 CBULib
005 20240806103748.0
008 240806b |||||||| |||| 00| 0 eng d
040 _aCBULib
_bEnglish
_cCBULib
_erda
041 _aeng
050 _aUNCTAD(058)TIRO/2019
110 _aUnited Nations Conference on Trade and Development (UNCTAD)
245 _aTrade and development report 2019 : financial global green new deal : overview
_c/ by United Nations Conference on Trade and Development (UNCTAD)
260 _aGeneva :
_bUnited Nations,
_c2019
300 _a28 pages
336 _2rdacontent
_aText |
_btxt
337 _2rdamedia
_aUnmediated |
_bn
338 _2rdacarrier
_aVolume
_bnc
650 _aINTERNATIONAL ECONOMIC RELATIONS--PERIODICALS
650 _aTRADE AND DEVELOPMENT
942 _2mc
_c029
999 _c85186
_d85186